00367nam a2200097Ia 4500008004100000082001800041100002200059245014800081260003100229300000900260210430s9999 xx 000 0 und d a181.07S5241 H a Prof.M.M. Sharif 2aA History of Muslim Philosophy: with short accounts of other disciplines and the modern renaissance in Muslim lands VoL-2 / c Prof.M.M. Sharif aPakistanbM.M.Sharifc2007 a787p